[Event "YUG-ch 57th"]
[Site "Banja Koviljaca"]
[Date "2002.03.16"]
[Round "1"]
[White "Kovacevic, Aleksandar"]
[Black "Damljanovic, Branko"]
[Result "1-0"]
[WhiteElo "2549"]
[BlackElo "2545"]
[Annotator "Milov,V"]
[PlyCount "76"]
[EventDate "2002.03.16"]
[EventType "tourn"]
[EventRounds "13"]
[EventCountry "YUG"]
[EventCategory "10"]
[SourceTitle "CBM 089"]
[Source "ChessBase"]
[SourceDate "2002.08.12"]
[SourceVersion "1"]
[SourceVersionDate "2002.08.12"]
[SourceQuality "1"]

1. e4 c5 2. Nf3 d6 3. d4 cxd4 4. Nxd4 e6 {A bit passive but reliable move.
Black is trying to avoid the Keres attack by delaying the development of the
g8-knight. Now White should define a plan of his development.} 5. c4 {The plan
of Marozi} Nf6 6. Nc3 Be7 7. Be2 a6 8. O-O O-O 9. Be3 b6 10. f4 Bb7 11. Bf3 Qc7
12. f5 $5 {[%csl Re6] Taking advantage of the fact that the bishop c8 left the
c8-h3 diagonal, White makes the following advance attacking the critical
e6-square.} ({usually White played} 12. Rc1 Nbd7 13. Qe2 Rfe8 (13... Rac8) 14.
g4 Nc5 15. Bf2 e5 16. fxe5 dxe5 17. Nf5 Bd8 18. g5 Nfd7 19. Nd5 Qb8 20. Bg2 Ne6
$13 {0-1 Sokolov,A-Lutikov,A/Beltsy 1981/EXT 2002 (46)}) 12... e5 (12... Qxc4
$6 13. Rc1 e5 14. Na4 Qxa2 15. Ra1 Qxa1 16. Qxa1 exd4 17. Bxd4 $16) 13. Nb3
Nbd7 14. Nd2 {White is trying to save a tempo on Rc1, and possibly, sometimes
to have an opportunity to advance his pawns on the queenside. In this case the
rook might be more useful on a1 rather than on c1.} Rfc8 {Black is going to
prepare b6-b5.} 15. Qe2 Qd8 {Now, if White tries to develop an initiative on
the kingside by advancing his pawns g2-g4-g5, h2-h4, Black might block them by
h7-h6, Nf6-h7.} 16. g3 $6 {White probably wanted to prevent the black bishop
from coming to g5 by the means of 16.... Nf6-e8 and 17., B e7-g5. Now, if 16. .
..Ne8 then White could play 17.h4.} (16. Rfd1 $142 $14) 16... b5 $1 {Making
this program move Black is taking over the initiative.} 17. Rfc1 (17. cxb5 $6
axb5 18. a3 (18. Nxb5 $6 Rc2 19. Nc3 Ba6 20. Qd1 Rxb2 21. Be2 Bxe2 22. Qxe2 Qa5
$17) 18... Ba6 19. Nxb5 $2 Rc2 20. b4 Rxd2 21. Qxd2 (21. Bxd2 Qb6+) 21... Bxb5
$17) 17... bxc4 $6 (17... b4 $142 $5 {should`ve been played, preparing the
nice c5-square for the knight.}) 18. Nxc4 $14 {The white knights are placed
very harmoniously and it`s quite difficult to restrict their activity.} a5 19.
b3 Ba6 20. Rc2 Rab8 21. Na4 Rc6 22. Rac1 {White mobilized all his pieces.} Rbc8
23. Qd1 Bxc4 {White was already threatening with Na4-b6. Therefore this
exchange is forced.} 24. Rxc4 Rxc4 25. Rxc4 Rxc4 26. bxc4 Qc7 27. Qb3 h5 (27...
Bd8 $6 28. Qb5) 28. Kf1 Ng4 29. Bg1 {White does not want to give up his two
Bishops, though the exchange on g4 would`ve given serious chances to win the
game.} (29. Bxg4 $5 hxg4 30. Nc3 $16) 29... Bg5 30. Ke2 (30. Bxg4 hxg4 31. Nc3
Nf6) (30. Nc3 $5 Nc5 31. Qb5 Nf6 32. Nd5 Nxd5 33. cxd5 $14) 30... Ngf6 31. Qb5
Bc1 32. c5 (32. Nb6 Ba3 33. Nxd7 (33. Kf1 Bc5 34. Nxd7 Nxd7 35. Bxh5) 33...
Nxd7 34. Bxh5 Bc5 35. Kf1 Nf6 36. Bf3 Bxg1 37. Kxg1 Qc5+ 38. Qxc5 dxc5 $11)
32... dxc5 33. Nxc5 h4 $2 {There was no necessity to give this pawn. Deserved
attention transferring the knight via b8 to the better position.} (33... Nb8
$142 $1 $11) 34. gxh4 $16 Qd6 $2 (34... Bf4) 35. Nd3 $6 (35. Qxa5 $18) 35...
Qc7 36. Nc5 Qd6 37. Qd3 $6 (37. Qxa5 $18 {was more precise}) 37... Qc6 38. Qc3
Bh6 1-0

[Event "October Revolution 60years"]
[Site "Leningrad"]
[Date "1977.06.27"]
[Round "3"]
[White "Mariotti, Sergio"]
[Black "Gheorghiu, Florin"]
[Result "0-1"]
[WhiteElo "2490"]
[BlackElo "2545"]
[Annotator "Moiseev,V"]
[PlyCount "68"]
[EventDate "1977.06.25"]
[EventType "tourn"]
[EventRounds "17"]
[EventCountry "URS"]
[EventCategory "13"]
[SourceTitle "MCL"]
[Source "ChessBase"]
[SourceDate "1999.07.01"]
[SourceVersion "1"]
[SourceVersionDate "1999.07.01"]
[SourceQuality "1"]

1. e4 c5 2. Nf3 e6 3. d4 cxd4 4. Nxd4 a6 5. c4 Nf6 6. Nc3 d6 7. Be2 Be7 8. g4
$5 (8. O-O O-O 9. f4 (9. b3) (9. Be3) 9... Qc7 10. Be3 Re8 (10... b6 $5 11. Rc1
Bb7 12. f5 e5 13. Nd5 Qd8 14. Nc2 Nbd7 $1 15. Bf3 Nxd5 16. cxd5 Bg5 {Nunn,
J-Diker,M/London/1983/1:0 (40) Inf 36/222/} 17. Qd2 Bxe3+ 18. Qxe3 $14 {Nunn,J}
) 11. Qe1 Nbd7 (11... Bf8 12. Qh4 $5 b6 13. Rae1 Nbd7 14. Bd3 Bb7 15. Bc2 g6
16. e5 Nh5 17. exd6 Bxd6 18. f5 $1 $40 {Nunn,J-Gheorghiy,F/London/1980/1:0/ 
(34) Inf 30/323/}) 12. Qg3 Rb8 (12... b6 13. Bf3 Bb7 14. e5 dxe5 15. fxe5 Bxf3
16. exf6 Qxg3 17. hxg3 $18 {Nunn/}) (12... Nc5 13. e5 Nfe4 14. Nxe4 Nxe4 15.
Qf3 dxe5 16. fxe5 Ng5 17. Qf2 $16 {Nunn/}) 13. Kh1 b6 14. Rad1 Nc5 15. e5 Nfe4
16. Nxe4 Nxe4 17. Qh3 $1 $16 {Nunn,J-Sunie Neto,J/Wijk aan Zee/1982/1:0/ (33)
Inf 33/279/}) 8... h6 (8... d5 $5 9. cxd5 exd5 10. exd5 Nxd5 11. Nxd5 Qxd5 12.
Bf3 $13) 9. Be3 Nc6 10. Nc2 (10. Qd2 $2 Nxd4 11. Bxd4 e5 $17) (10. Nb3 $5)
10... g5 11. h4 Rg8 (11... gxh4 12. Qd2 Ne5 13. f3 $16) 12. hxg5 hxg5 13. Qd2
Qa5 14. f3 Ne5 (14... Bd7 15. b4 $1 Nxb4 16. Nxb4 Qxb4 17. Rb1 Qa5 18. Rxb7 $16
Bc6 $4 19. Rxe7+ $1 Kxe7 20. Nd5+ $18) 15. Rc1 Bd7 16. b4 Qc7 17. Nd4 d5 $1 $8
18. cxd5 $2 (18. exd5 Bxb4 19. dxe6 fxe6 $132) 18... Bxb4 19. Bxg5 Nexg4 $1 $17
20. fxg4 (20. Bf4 e5 21. Bg3 Rc8 22. fxg4 Nxe4 $19) 20... Nxe4 21. Nxe4 Qxc1+ (
21... Bxd2+ $2 22. Kxd2 Qa5+ 23. Ke3 $18 Rxg5 $2 24. Rh8+ Ke7 25. d6#) 22. Kf2
Bxd2 23. Rxc1 Bxg5 $19 24. Rc7 exd5 25. Nd6+ Kd8 26. Rxb7 Bf4 27. N4f5 Bxd6 28.
Nxd6 Rg6 29. Nxf7+ Kc8 30. Rb3 (30. Rxd7 Rf6+) 30... Bxg4 31. Ne5 Rf6+ 32. Nf3
Kc7 33. Rc3+ Kd6 34. Ra3 a5 0-1

[Event "Bundesliga 0506"]
[Site "Germany"]
[Date "2005.12.10"]
[Round "5.1"]
[White "Nataf, Igor Alexandre"]
[Black "Lutz, Christopher"]
[Result "1/2-1/2"]
[WhiteElo "2564"]
[BlackElo "2609"]
[Annotator "Mueller,Karsten"]
[PlyCount "118"]
[EventDate "2005.10.21"]
[EventType "team-tourn"]
[EventRounds "15"]
[EventCountry "GER"]
[SourceTitle "CBM 111"]
[Source "ChessBase"]
[SourceDate "2006.04.04"]
[SourceVersion "1"]
[SourceVersionDate "2006.04.04"]
[SourceQuality "1"]
[WhiteTeam "Neukoelln"]
[BlackTeam "Porz"]
[WhiteTeamCountry "GER"]
[BlackTeamCountry "GER"]

1. e4 c5 2. Nf3 e6 3. d4 cxd4 4. Nxd4 a6 5. c4 Nf6 6. Nc3 Bb4 7. Nc2 Bxc3+ 8.
bxc3 Qa5 9. Qd3 Nc6 10. Be2 d5 11. exd5 exd5 12. Qg3 O-O 13. Bh6 Ne8 14. O-O
dxc4 15. Bxc4 Qh5 16. Bf4 b5 17. Bb3 Na5 18. Rfe1 Nxb3 19. axb3 Qg6 20. Nd4 Bb7
21. Re7 Bd5 22. Re5 Qxg3 23. hxg3 Nf6 24. Bg5 Rfd8 25. b4 Ng4 26. Ree1 f6 27.
Bf4 g5 28. Bd2 Nh6 29. f3 Bc4 30. Be3 Re8 31. g4 Bd3 32. Kf2 Nf7 33. Nb3 Bc4
34. Nc5 Ne5 35. Bd4 Kf7 36. Bxe5 fxe5 37. Nd7 e4 38. Rxe4 Rxe4 39. fxe4 Be6 40.
Nc5 Bxg4 41. Rxa6 $6 {[%mdl 4096] Zu gierig. Der aktive Turm wird Weiß fehlen.}
(41. Ke3 $1 {stellte Schwarz vor wesentlich größere Probleme, z.B.} h5 (41...
Bc8 42. Rf1+ Kg7 43. Rd1 $36) 42. Nxa6 (42. Ra5 $5) 42... Bc8 43. Rf1+ Ke7 44.
Nc7 Ra2 45. Nd5+ Kd6 46. Rf6+ Be6 47. g3 $36) 41... Rxa6 42. Nxa6 h5 43. Nb8
Kf6 44. Nc6 Bd7 45. Nd4 h4 46. Ke3 Be8 47. Nf3 Bh5 48. e5+ Kf5 49. Nd4+ Kxe5
50. Nxb5 g4 51. Nd4 h3 52. gxh3 gxh3 53. Nf3+ (53. Kf2 Kd5 54. Kg3 Kc4 55. b5
Bg4 56. b6 Bc8 $11) 53... Kd5 54. Kf2 Kc4 55. Ne5+ (55. Ng5 Kxc3 56. b5 h2 57.
Kg2 Be8 58. b6 Bc6+ 59. Kxh2 Kb4 $11) 55... Kxc3 56. b5 h2 57. Kg2 Kd4 58. b6
Kxe5 59. b7 h1=B+ (59... h1=B+ 60. Kxh1 Bf3+ 61. Kh2 Bxb7 $11) 1/2-1/2

[Event "EU-chT (Women) 18th"]
[Site "Porto Carras"]
[Date "2011.11.11"]
[Round "9.1"]
[White "Muzychuk, Anna"]
[Black "Bojkovic, Natasa"]
[Result "1-0"]
[WhiteElo "2557"]
[BlackElo "2396"]
[Annotator "Muzychuk,A"]
[PlyCount "61"]
[EventDate "2011.11.03"]
[EventType "team-swiss"]
[EventRounds "9"]
[EventCountry "GRE"]
[SourceTitle "CBM 146"]
[Source "ChessBase"]
[SourceDate "2012.01.18"]
[SourceVersion "1"]
[SourceVersionDate "2012.01.18"]
[SourceQuality "1"]
[WhiteTeam "Slovenia (W)"]
[BlackTeam "Serbia (W)"]
[WhiteTeamCountry "SLO"]
[BlackTeamCountry "SRB"]

1. e4 c5 2. Nf3 e6 3. d4 cxd4 4. Nxd4 a6 5. c4 Bc5 {This came as a surprise to
me as in all previous games Bojkovic played 5...Qc7.} 6. Nc3 d6 (6... Qb6 {
is not good in view of} 7. Na4 Bb4+ 8. Bd2 Qa5 9. Nc3 {and Black did not
achieve anything}) (6... Nc6 $5 {was an interesting option} 7. Be3 (7. Nxc6
bxc6 $11) (7. Nb3 Be7 8. Qg4 g6 {with a playable position}) 7... Qb6 8. Na4
Qa5+ (8... Bb4+ 9. Ke2 $1 Qd8 (9... Qc7 10. c5 (10. Nxc6 Qxc6 11. Nb6 Rb8 12.
Qd4 Nf6 13. c5 Qxe4 14. Qxe4 Nxe4 15. f3 Nf6 16. a3 Ba5 17. Bf4 Bxb6 18. Bxb8
Bd8 19. Be5 $16) 10... Ba5 11. Nb3 Rb8 12. Nxa5 Qxa5 13. f3 Nge7 14. Kf2 f5 15.
Nb6 f4 16. Bxf4 Qxc5+ 17. Be3 $16) 10. Nxc6 bxc6 11. c5 (11. Qd4 Nf6 12. e5 Ng8
13. Rd1 Ne7 14. Qb6 Ba5 15. Qxd8+ Bxd8 16. b3 $14) 11... Nf6 12. f3 O-O (12...
Ba5 13. Bf4 O-O 14. Bd6 Re8 15. Kf2 Bc7 16. Bxc7 Qxc7 17. Qd6 Qa7 18. Bc4 $16)
13. Kf2 (13. Qd6 Ne8 14. Qd4 Ba5 15. Nb6 Bxb6 16. cxb6 d6 17. b4 e5 18. Qc3 Rb8
19. Qxc6 f5 $13) 13... Ba5 14. Qc2 Rb8 15. Be2 $16) 9. Bd2 Bb4 10. Nxc6 dxc6 (
10... bxc6 11. Nc3 Qc7 12. Qg4 $14) (10... Bxd2+ 11. Qxd2 Qxd2+ 12. Kxd2 dxc6
13. c5 Nf6 14. f3 $14) 11. a3 $1 (11. Nc3 Qc7 (11... Nf6 12. a3) 12. Qg4 f5 $1
13. Qh5+ Qf7 $11) 11... Bxd2+ 12. Qxd2 Qxd2+ (12... Qxa4 13. Qc3 Nf6 14. b3
Nxe4 15. Qxg7 Qxb3 16. Qxh8+ Ke7 17. Be2 Bd7 18. Qd4 c5 19. Qd3 $16) 13. Kxd2
Nf6 14. Nb6 (14. Ke3 e5 $11) 14... Rb8 15. e5 Nd7 16. Nxd7 Bxd7 17. c5 $14) 7.
Be3 (7. Nb3 $5 {is a better possibility for White. And after} Ba7 {White has
some choice: to play 8.Bd3 and transpose to the variation with 5.Bd3 Bc5 6.Nb3
Ba7. I used to play many games with Black in such a structure. Or it is also
possible to put the bishop on e2 and then continue with the plan: Be2, 0-0,
Qd3, Rd1.}) 7... Ne7 $6 (7... e5 $5 {It seems that sooner or later Black has
to play e5, so maybe it was reasonable to start with e5 in this position and
then develop the knights} 8. Nc2 Bxe3 9. Nxe3 Nc6 10. Qd2 {trying to put the
pressure on the d6-pawn but as the variations show, Black has time to create
counterplay} (10. c5 dxc5 11. Qxd8+ Nxd8 12. Na4 Nf6 13. Nxc5 Ne6 $11) 10...
Nge7 (10... Nd4 11. Ne2 $14) 11. O-O-O (11. Rd1 Nd4 12. Bd3 O-O 13. O-O Be6 14.
Ne2 Nec6 $11) 11... Nd4 (11... O-O 12. Qxd6 Qa5 13. Ncd5 $16) 12. Nc2 Nec6 (
12... Nxc2 13. Kxc2 Nc6 14. Qxd6 Nd4+ 15. Rxd4 exd4 16. Qe5+ Kf8 17. Qc5+ Qe7
18. Qxd4 $14) 13. Nxd4 Nxd4 14. Ne2 Nxe2+ 15. Bxe2 O-O 16. Kb1 (16. Qxd6 Qg5+
17. Qd2 Qxg2 18. Qe3 Qg6 $11) 16... Qb6 $1 (16... Qf6 17. f3 Rd8 18. c5 Be6 19.
cxd6 Rd7 20. Qb4 $14) 17. f4 (17. Qxd6 Qxf2 18. Bf3 Be6 $11) 17... exf4 18.
Qxf4 Rd8 19. Rd2 Be6 20. Rhd1 h6 $11 21. Rxd6 Rxd6 22. Qxd6 Qf2 $44) (7... Nf6
$2 {is bad because of} 8. e5 $1 dxe5 (8... Nfd7 9. exd6 Qb6 10. a3 $16) 9. Nxe6
Qxd1+ 10. Rxd1 Bxe6 11. Bxc5 $14 Nbd7 12. Bd6 (12. Bb4 $1) 12... Rc8 13. b3 b5
14. Be2 bxc4 15. b4 e4 16. O-O Nb6 17. Rd4 Nbd5 18. Nxd5 Bxd5 19. Rc1 Kd7 20.
Be5 Ke6 21. Bxf6 gxf6 22. Rcd1 c3 23. Rxd5 {1-0 Svidler,P (2733)-Epishin,V 
(2610)/playchess.com INT 2004/CBM 099 ext}) 8. Qd2 $1 {I did not want to
finish my development by playing 8.Be2 as I still thought that Black might
play ...e5 and then Nbc6-Nd4. For that eventuality I wanted to leave the
e2-square empty so that in the event of ...Nd4 I would be able to play Ne2.
One more point is that if Black plays ...e5 now there is one more option for
White: to play Nc2 or Nb3 and take on e3 with the queen.} (8. Be2 e5 9. Nc2
Bxe3 10. Nxe3 Nbc6 $11) 8... O-O {From this moment on my opponent started to
spend a lot of time over every move, so after a few moves I had a better
position and also an advantage in time.} (8... e5 9. Nc2 (9. Nb3 Bxe3 10. Qxe3
O-O 11. Rd1 Be6 12. Be2 Qc7 13. O-O Nd7 $11) 9... Bxe3 10. Qxe3 (10. Nxe3 {
will lead to the variations with 7...e5.}) 10... O-O 11. Be2 $14) 9. Rd1 Qc7
10. Be2 Rd8 11. O-O Nbc6 12. Nc2 e5 $2 {Now it was too late to play ...e5 and
after this move Black is in trouble. It was better to continue with ...b6, ...
Bb7, ...Rac8} (12... b6 13. f4 $14 (13. a3 Bxe3 14. Nxe3 e5 $1)) 13. Nd5 {
Now some moves are forced more or less} Nxd5 14. cxd5 Bxe3 (14... Ne7 15. Bxc5
(15. Rc1 $5) 15... Qxc5 16. Rc1 $14) 15. Qxe3 Ne7 16. Rc1 $16 Qa5 ({The other
moves did not solve the problems either} 16... Rf8 17. Na3 Qd8 18. Nc4 f5 (
18... b5 19. Nb6 Rb8 20. Nxc8 Rxc8 21. Rxc8 Nxc8 22. Rc1 $16) 19. Qb6 (19. Nb6
Rb8 20. f3 $14) (19. Qa3 Rf6) 19... fxe4 20. Qxd8 Rxd8 21. Nb6 Rb8 22. Rc7 Ng6
23. g3 Bh3 24. Rfc1 Nf8 25. Bf1 Bf5 26. h3 $1 h5 27. h4 Nd7 28. Nc8 $16) (16...
Ng6 17. Na3 Qe7 18. Nc4 b5 19. Nb6 Rb8 20. Rc6 $16) 17. b4 $1 (17. Qa3 Qxa3 18.
Nxa3 b5 19. Rc7 Rd7 20. Rfc1 Rxc7 21. Rxc7 Kf8 $11) 17... Qxa2 18. Na3 Qb2 19.
Nc4 Qxb4 20. Nb6 Rb8 {Finally we came up to the position which I wanted to get
when playing 13.Nd5. White has sacrificed 2 pawns but has got a very good
initiative and active pieces, while at the same time Black's pieces are just
defending and are completely out of play.} 21. Rc4 $6 (21. Rc7 $1 {would have
been even stronger but during the game all my next moves were concentrated
just on the queenside and I did not consider any ideas of attacking Black's
king.} Re8 (21... Kf8 22. Bh5 $1 {After this move the computer shows that
White has a winning attack in all lines.} f6 (22... Qd4 23. Rxe7 $18) (22... h6
23. f4 Qd4 24. Qxd4 exd4 25. f5 $18) (22... Re8 23. Qf3 $18) 23. Qg3 g6 (23...
Qxb6 24. Rxe7 $18) 24. Qe3 Re8 (24... Ng8 25. Rxh7 gxh5 26. Nxc8 Rbxc8 27. Qg3
$18) 25. Bd1 $18) 22. Bh5 $1 {the same idea} g6 (22... Ng6 23. Rfc1 $18) 23.
Bd1 $18) 21... Qb2 22. Rfc1 $6 (22. Rc7 $1 Ng6 (22... Kf8 23. Bh5 $18 {as in
the line with 21.Rc7}) 23. Rfc1 Nf4 {Now Black has this possibility, that's
why it was more precise to play 21.Rc7. Even though 23...Nf4 is not so much
helpful} 24. Bf1 (24. Bd1 Nd3) (24. Bf3 Nd3) 24... Bg4 25. h3 Bh5 26. R7c2 Qd4
{(Qb4)} 27. g3 $18 {winning a piece}) 22... Kf8 23. Rc7 h6 $6 (23... Qd4 {
was the most stubborn if we look from the point of view that in a moment White
will find the idea with Bh5} 24. Qg5 (24. Qxd4 exd4 25. R1c4 $16) 24... f6 25.
Qg3 Qb2 $8 26. Bh5 Bd7 27. Qe3 Bb5 28. Rd1 Ng6 29. Qh3 Kg8 30. Qe6+ Kh8 31. Nc8
Bd7 32. Qf7 Rdxc8 33. Rxd7 Rg8 34. Bxg6 hxg6 35. Qxg6 Qe2 36. Rf1 Qd2 37. Rxd6
a5 38. Qh5+ Qh6 39. Qxh6+ gxh6 40. Rxf6 Kg7 41. Rb6 Rgc8 42. Ra1 Rc4 43. f3 a4
44. Kf2 $18) (23... f6 24. Bh5 a5 25. h3 a4 {It is just difficult to find any
other move} (25... Qd4 26. Qg3 $146 g6 27. Bxg6 $18) 26. Nxa4 Qd4 27. Qxd4 exd4
28. Nb6 f5 29. Rd1 fxe4 30. Rxd4 Bf5 31. Bg4 $18) (23... h6 24. Bh5 a5 25. h3
a4 26. Nc4 $1 Qb3 27. Qa7 Bxh3 28. Nxd6 Ra8 29. Qxb7 Rdb8 30. Rxe7 $1 Rxb7 31.
Rxb7 $18) 24. Bd1 $6 (24. Bh5 $1 {Again the best choice in the same direction}
Qd4 25. Qf3 f6 26. Rb1 $18) 24... Qd4 (24... f5 {probably the best practical
move} 25. f3 (25. exf5 {is probably stronger but during the game it could be
difficult to give such a good square to the c8-bishop} Bxf5 (25... Nxf5 26. Qh3
Qxb6 27. Rxc8 Nd4 28. R8c7 $18) 26. g4 Bg6 27. h4 $16) 25... f4 26. Qf2 Qxf2+
27. Kxf2 {a slightly strange position. Black can hardly improve it and White
must be winning. Just some time is needed to find with which plan White wins
exactly.}) 25. Qxd4 exd4 26. f4 $2 {A serious mistake which could have cost me
half a point. My idea was to play f5 on the next move and then Black has no
moves at all. Or if Black plays ...g6, then I have a plan of taking the
d4-pawn with the king. At the same time I did not want Black to play ...f5 and
thought that now after f4 I would meet the move ...f5 with e5. But I
underestimated a piece sacrifice.} (26. Ba4 $2 Bg4 27. f3 Nc8 {the only trick
which should not be missed}) (26. f3 $5 f5 27. R1c4) (26. R1c4 $1 $16 {just
taking one pawn back and continuing the pressure.}) 26... f5 (26... g6 27. Kf2
$16) 27. e5 dxe5 28. fxe5 Nxd5 29. Nxd5 Be6 $4 (29... Rxd5 {Surprisingly the
fact is that Black is saving the game in this line} 30. Rxc8+ Rxc8 31. Rxc8+
Ke7 32. Rc7+ Rd7 33. Rxd7+ Kxd7 34. Bb3 a5 35. Bd5 b5 36. Kf2 a4 37. Ke2 b4 38.
Kd3 b3 39. Kxd4 g5 40. Bc4 (40. Kc3 h5 41. Kb2 h4 42. Ka3 h3 43. g3 f4 44. g4
f3 45. Bxf3 Ke6 $11) 40... Ke7 41. Kc3 h5 42. Bb5 a3 43. Kxb3 Ke6 44. Kxa3 Kxe5
45. Kb4 Kd4 $11) 30. Nf4 {Now it is all over.} Re8 31. Bh5 1-0